Présentation d’une région – l’Alsace bakalárska práca

Salvato in:
Dettagli Bibliografici
Autore principale: Guttová, Kristína
Ente Autore: Fakulta aplikovaných jazykov EU v Bratislave. Katedra románskych a slovanských jazykov
Altri autori: Povchanič, Štefan
Natura: Libro
Lingua:francese
Pubblicazione: Bratislava 2015
Tags: Aggiungi Tag
Nessun Tag, puoi essere il primo ad aggiungerne!!

MARC

LEADER 00000nbm a2200000 4500
001 0202026
005 20161212094218.4
041 0 |a fre 
044 |a SK 
245 1 0 |a Présentation d’une région – l’Alsace  |b bakalárska práca  |c Kristína Guttová ; školiteľ: Štefan Povchanič 
264 1 |a Bratislava  |c 2015 
300 |a 42 s. 
100 1 |a Guttová, Kristína 
700 1 |a Povchanič, Štefan 
710 2 |a Fakulta aplikovaných jazykov EU v Bratislave. Katedra románskych a slovanských jazykov